Ulasan dearah Zeni STPM : kumpulan sinar

Bibliographic Details
Other Authors: A. Samad Said
Format: Book
Published: Kuala Lumpur : KKumpulan Sinar , 1992
Subjects:

MARC

LEADER 00000cam a2200000 7i4500
001 0000005975
002 000006452
005 20000330.0
020 |a 9839575163 
090 0 0 |a 899.23309   |b ULA 
245 0 0 |a Ulasan dearah Zeni STPM :   |b kumpulan sinar 
260 |a Kuala Lumpur :   |b KKumpulan Sinar ,   |c 1992 
300 |a 92p. ;   |c 19cm. 
650 0 0 |a Malay fiction   |x History and criticism 
700 0 |a A. Samad Said 
999 |a 035472   |b BUKU   |c PINJAMAN   |e PERPUSTAKAAN KOMUNITI PETALING JAYA 
999 |a 037797   |b BUKU   |c PINJAMAN   |e PERPUSTAKAAN KOMUNITI PETALING JAYA